FOREX microstructure, invisible price determinants, and the Central bank's understanding of exchange rate formation

Gespeichert in:
Bibliographische Detailangaben
1. Verfasser: Derviz, Alexis
Format: Buch
Sprache:Englisch
Veröffentlicht: Praha Czech National Bank 2003
Schriftenreihe:Working paper series 6/2003
Schlagworte:
Tags: Tag hinzufügen
Keine Tags, Fügen Sie das erste Tag hinzu!

MARC

LEADER 00000nam$a2200000$$$4500
001 0024450
005 20240223110145.8
041 0 |a eng 
044 |a CZ 
245 1 0 |a FOREX microstructure, invisible price determinants, and the Central bank's understanding of exchange rate formation  |c Alexis Derviz 
264 1 |a Praha  |b Czech National Bank  |c 2003 
300 |a 42 s. 
490 1 |a Working paper series  |v 6/2003 
830 0 |a Working paper series  |v 6/2003 
610 2 0 |a banky 
610 2 0 |a bankovníctvo 
610 2 0 |a banky centrálne 
610 2 0 |a ceny 
610 2 0 |a mikroštruktúra 
610 2 0 |a makroekonomika 
610 2 0 |a kurz devízový 
610 2 0 |a modely analytické ekonometrické 
610 2 0 |a Česko 
610 2 0 |a ČNB Praha 
100 1 |a Derviz, Alexis